000 00832nas a2200289 4500
001 BR2010000059
003 BR-BrBNA
005 20231205114023.0
007 ta
008 230509b bl.|||p| |||| 00| 00por d
040 _aBR-BrBNA
_bpor
_cBiblioteca Nacional de Agricultura
041 _a(Pt)
072 _aF50
100 1 _aPoletto, N.
100 1 _aMundstock, C.M.
100 1 _aGrohs, D.S.
100 1 _aPiana, A.T.
100 1 _aMazurana, M.
245 1 _aDesenvolvimento foliar e sincronismo dos afilhos na cultivar de arroz IRGA 417
650 _aARROZ
650 _aFOLHA
650 _aESTRUTURA VEGETAL
650 _aAFILHAMENTO
773 0 _tCiência Rural (Brazil)
_xISSN 0103-8478
_g(Nov 2009), v. 39(8) p. 2327-2333
_wBR2010000059
909 _a202311
_bLúcia
_c55
_dLúcia Elande
942 _2AGRIS
_n0
_cANA
999 _c206746
_d206746